[Event "Leipzig VfB op 11th"]
[Site "Leipzig"]
[Date "2004.03.20"]
[Round "7"]
[White "Mollitor, Jan"]
[Black "Willberg, Frank"]
[Result "0-1"]
[WhiteElo "1456"]
[BlackElo "2025"]
[PlyCount "58"]
[EventDate "2004.03.16"]
[EventType "swiss"]
[EventRounds "9"]
[EventCountry "GER"]
[SourceTitle "EXT 2007"]
[Source "ChessBase"]
[SourceDate "2006.11.23"]
[SourceVersion "1"]
[SourceVersionDate "2006.11.23"]
[SourceQuality "1"]

1. e4 Nf6 2. e5 Nd5 3. d4 d6 4. Nf3 g6 5. Nc3 Nxc3 6. bxc3 Bg7 7. exd6 Qxd6 8. Bd3 0-0 9. 0-0 Nc6 10. Re1 e5 11. Nxe5 Nxe5 12. Bf4 f6 13. Qe2 Re8 14. Rad1 Bg4 15. dxe5 Bxe2 16. exd6 Bxd1 17. Rxe8+ Rxe8 18. d7 Rd8 19. Bc4+ Kf8 20. Be6 Ke7 21. Bxc7 Rxd7 22. Bxd7 Kxd7 23. Bb8 a6 24. Ba7 f5 25. c4 Bxc2 26. Be3 Bd3 27. c5 Kc6 28. f4 Bf8 29. Kf2 Bxc5 0-1

[Event "Leipzig VfB op 11th"]
[Site "Leipzig"]
[Date "2004.03.19"]
[Round "6"]
[White "Vieten, Mario"]
[Black "Mollitor, Jan"]
[Result "1/2-1/2"]
[WhiteElo "1721"]
[BlackElo "1456"]
[PlyCount "128"]
[EventDate "2004.03.16"]
[EventType "swiss"]
[EventRounds "9"]
[EventCountry "GER"]
[SourceTitle "EXT 2007"]
[Source "ChessBase"]
[SourceDate "2006.11.23"]
[SourceVersion "1"]
[SourceVersionDate "2006.11.23"]
[SourceQuality "1"]

1. d4 e6 2. Nf3 d5 3. e3 f5 4. c4 Nf6 5. Nc3 c6 6. a3 Bd6 7. Bd3 0-0 8. 0-0 Qe8 9. h3 Ne4 10. Ne5 Nd7 11. f4 Rf6 12. Bxe4 fxe4 13. c5 Be7 14. Bd2 Rh6 15. b4 Nxe5 16. fxe5 Qg6 17. Kh2 b6 18. Rf4 Bg5 19. Rg4 Rh4 20. Rxh4 Bxh4 21. Be1 Bg5 22. Qe2 a5 23. b5 bxc5 24. dxc5 cxb5 25. Nxb5 Qf5 26. Bg3 Ba6 27. a4 Rc8 28. Rf1 Qg6 29. Qf2 Be7 30. Rc1 Bxc5 31. Nd6 Bxd6 32. exd6 Rxc1 33. d7 Rc8 34. dxc8Q+ Bxc8 35. Qd2 Qf6 36. Qxa5 Qe7 37. Qc3 Bb7 38. a5 e5 39. Qxe5 Qxe5 40. Bxe5 Ba6 41. Kg3 Kf7 42. Kf4 g6 43. Kg5 Bc8 44. Bd4 Ba6 45. g4 Bc8 46. Kf4 Ke6 47. h4 Ba6 48. Kg5 Kf7 49. Kh6 Kg8 50. h5 gxh5 51. Kxh5 Bc8 52. g5 Ba6 53. g6 hxg6+ 54. Kxg6 Kf8 55. Kf6 Ke8 56. Ke6 Bc4 57. Kd6 Kd8 58. Kc6 Kc8 59. Be5 Ba6 60. Kxd5 Bb7+ 61. Kc5 Kd7 62. Kb6 Kc8 63. a6 Ba8 64. Bd6 Bd5 1/2-1/2

[Event "Leipzig VfB op 11th"]
[Site "Leipzig"]
[Date "2004.03.18"]
[Round "5"]
[White "Mollitor, Jan"]
[Black "Friedrich, Ekkehard"]
[Result "1/2-1/2"]
[WhiteElo "1456"]
[BlackElo "1668"]
[PlyCount "84"]
[EventDate "2004.03.16"]
[EventType "swiss"]
[EventRounds "9"]
[EventCountry "GER"]
[SourceTitle "EXT 2007"]
[Source "ChessBase"]
[SourceDate "2006.11.23"]
[SourceVersion "1"]
[SourceVersionDate "2006.11.23"]
[SourceQuality "1"]

1. e4 e6 2. d4 d5 3. e5 c5 4. c3 Nc6 5. Nf3 Qb6 6. a3 cxd4 7. cxd4 Nge7 8. Nc3 Nf5 9. Na4 Qc7 10. b4 Bd7 11. Bb2 Qd8 12. Rc1 Be7 13. Bd3 Nh6 14. Nc5 Bc8 15. 0-0 0-0 16. Re1 Bh4 17. g3 Bg5 18. Nxg5 Qxg5 19. f4 Qe7 20. Re3 f5 21. exf6 Qxf6 22. Rc2 Nf5 23. Bxf5 Qxf5 24. Rce2 Rf6 25. Qe1 Kf7 26. Nd3 b5 27. Rc2 Ne7 28. Rf3 Ng6 29. Rc7+ Kg8 30. Qc1 Rf8 31. Qc6 Rb8 32. Rxa7 Rf7 33. Rxf7 Qxf7 34. Re3 Bd7 35. Qd6 Rc8 36. Nc5 Nf8 37. Nxd7 Qxd7 38. Qxd7 Nxd7 39. Rc3 Rxc3 40. Bxc3 Nb6 41. Bb2 Na4 42. Ba1 Nb6 1/2-1/2

[Event "Leipzig VfB op 11th"]
[Site "Leipzig"]
[Date "2004.03.17"]
[Round "3"]
[White "Mollitor, Jan"]
[Black "Mueller, Ralf2222"]
[Result "1-0"]
[WhiteElo "1456"]
[BlackElo "1611"]
[PlyCount "151"]
[EventDate "2004.03.16"]
[EventType "swiss"]
[EventRounds "9"]
[EventCountry "GER"]
[SourceTitle "EXT 2007"]
[Source "ChessBase"]
[SourceDate "2006.11.23"]
[SourceVersion "1"]
[SourceVersionDate "2006.11.23"]
[SourceQuality "1"]

1. e4 c5 2. Nf3 Nc6 3. c3 e6 4. d4 cxd4 5. cxd4 Qa5+ 6. Nc3 Nf6 7. Bd2 Qb6 8. e5 Ng8 9. Na4 Qd8 10. Rc1 Bb4 11. Bd3 Bxd2+ 12. Qxd2 Nge7 13. Nc3 0-0 14. Nb5 Nd5 15. 0-0 f6 16. Rfe1 a6 17. Nd6 Qe7 18. Bb1 fxe5 19. dxe5 Nxe5 20. Rxe5 Qxd6 21. Rh5 Qf4 22. Bxh7+ Kf7 23. Qc2 Ke7 24. Re1 Nf6 25. Rh4 Qd6 26. Rd1 Qc6 27. Qg6 Ne8 28. Qg5+ Rf6 29. Bg6 Qb5 30. Qg3 d5 31. Bxe8 Qxe8 32. Qxg7+ Qf7 33. Qg3 Bd7 34. Qc7 Rxf3 35. gxf3 Rg8+ 36. Rg4 Rxg4+ 37. fxg4 Qf3 38. Rd4 Qf6 39. Qf4 Qg7 40. Rb4 e5 41. Qg3 b5 42. h4 d4 43. g5 a5 44. Rb3 b4 45. a3 Be6 46. Rf3 e4 47. Qc7+ Bd7 48. Qc5+ Ke8 49. Rf6 d3 50. Qd5 Qh7 51. Rh6 Qg7 52. Qxe4+ Kd8 53. Qxd3 Qxb2 54. Rh7 Qc1+ 55. Kg2 Qc6+ 56. f3 bxa3 57. Rh8+ Kc7 58. Qxa3 Qc2+ 59. Kg3 a4 60. h5 Qf5 61. Qc3+ Kd6 62. Qd4+ Kc7 63. Qf4+ Qxf4+ 64. Kxf4 Kb7 65. Rh6 a3 66. Rd6 Ba4 67. Rd3 a2 68. Ra3 Be8 69. Rxa2 Bxh5 70. Rh2 Bg6 71. Rh6 Bb1 72. g6 Kc7 73. g7 Ba2 74. Rh8 Kd7 75. g8Q Bxg8 76. Rxg8 1-0